000 00541nam a2200169 i 4500
001 20581
003 ES-MaACL
005 20230906152329.0
007 t|
008 021114s1962 uy ||||1| spa d
100 1 _aAcevedo Díaz, Eduardo,
_d1882-1959
_918248
245 1 0 _aPáginas ejemplares de la literatura uruguaya /
_cEduardo Acevedo Díaz.
260 _aMontevideo :
_bMinisterio de Instrucción Pública y Previsión Social,
_c1962.
300 _a46 p. ;
_c16 cm.
852 _aES-MaACL
_j2051-F-14
_bR.57598
999 _c20581
_d20581